| 000 | 01285nam a22003137a 4500 | ||
|---|---|---|---|
| 005 | 2010091802302.0 | ||
| 008 | 100915t xxu||||| |||| 00| 0 hin d | ||
| 010 | _aHIN-91988 | ||
| 020 |
_c300.00 _a8188090638 |
||
| 035 | _aHN-64334 | ||
| 037 | _bDBAD / PUB | ||
| 040 |
_aDPL _bHN |
||
| 082 | _a821 | ||
| 100 |
_920178 _aचोपड़ा, मोहन |
||
| 110 | _926418 | ||
| 245 |
_aकॉफ़ी हाउस में मैनाः _cमोहन चोपड़ा _bकाव्य-संग्रह / |
||
| 246 |
_a Coffee house main maina _bby mohan chopra |
||
| 260 |
_aदिल्ली _bस्वास्तिक प्रकाशन _c2011 |
||
| 270 |
_aआत्माराम बिल्डिग, 1376, कश्मीरी गेट _bदिल्ली _e110006 |
||
| 300 |
_a192पृ. _c22सेमी (सजिल्द) |
||
| 600 |
_926453 _aहिन्दी कविता |
||
| 650 |
_91159 _aहिन्दी कविता |
||
| 650 |
_926117 _aHindi Poetry |
||
| 700 | _920179 | ||
| 700 | _920333 | ||
| 700 | _920540 | ||
| 942 |
_2ddc _cHN _mचोपडा़ _h821 |
||
| 999 |
_c50943 _d50943 |
||